000 00364nam a2200157Ia 4500
008 210210b1934 xxu||||| |||| 00| 0 eng d
041 _aeng
082 _a829/780
100 _aMILNE (A A)
245 _aTwo people
260 _aLondon
_bMethuen and Company Limited
_c1934
650 _aTwo
650 _apeople
690 _aEnglish Fiction
906 _a017378
999 _c137345
_d137345